Jacksonville through a painter's eyes / (Record no. 23124)

000 -LEADER
fixed length control field 01113cam a22002654a 4500
001 - CONTROL NUMBER
control field 15208566
005 - DATE AND TIME OF LATEST TRANSACTION
control field 20170125160020.0
008 - FIXED-LENGTH DATA ELEMENTS--GENERAL INFORMATION
fixed length control field 080306s2008 flua c 000 0 eng
010 ## - LIBRARY OF CONGRESS CONTROL NUMBER
LC control number 2008010561
020 ## - INTERNATIONAL STANDARD BOOK NUMBER
International Standard Book Number 9781589806016 (hardcover : alk. paper)
040 ## - CATALOGING SOURCE
Original cataloging agency DLC
Transcribing agency DLC
Modifying agency DLC
043 ## - GEOGRAPHIC AREA CODE
Geographic area code n-us-fl
050 00 - LIBRARY OF CONGRESS CALL NUMBER
Classification number ND237.S277
Item number A4 2008
100 1# - MAIN ENTRY--PERSONAL NAME
Personal name Sandusky, Phil.
245 10 - TITLE STATEMENT
Title Jacksonville through a painter's eyes /
Statement of responsibility, etc. Phil Sandusky.
260 ## - PUBLICATION, DISTRIBUTION, ETC. (IMPRINT)
Place of publication, distribution, etc. Gretna :
Name of publisher, distributor, etc. Pelican Pub. Co.,
Date of publication, distribution, etc. c2008.
300 ## - PHYSICAL DESCRIPTION
Extent 96 p. :
Other physical details col. ill. ;
Dimensions 23 x 29 cm.
600 10 - SUBJECT ADDED ENTRY--PERSONAL NAME
Personal name Sandusky, Phil
Form subdivision Catalogs.
650 #0 - SUBJECT ADDED ENTRY--TOPICAL TERM
Topical term or geographic name as entry element Plein-air painting
Geographic subdivision Florida
-- Jacksonville
Form subdivision Catalogs.
651 #0 - SUBJECT ADDED ENTRY--GEOGRAPHIC NAME
Geographic name Jacksonville (Fla.)
Form subdivision In art
-- Catalogs.
906 ## - LOCAL DATA ELEMENT F, LDF (RLIN)
a 7
b cbc
c orignew
d 1
e ecip
f 20
g y-gencatlg
942 ## - ADDED ENTRY ELEMENTS (KOHA)
Source of classification or shelving scheme
Koha item type Hard Covered Materials
Classification part ND 237 .S277A4 2008
Holdings
Withdrawn status Lost status Source of classification or shelving scheme Damaged status Not for loan Home library Current library Shelving location Date acquired Source of acquisition Total Checkouts Full call number Barcode Date last seen Price effective from Koha item type
          MACHAKOS UNIVERSITY LIBRARY MACHAKOS UNIVERSITY LIBRARY Technical section 25/01/2017 Donation (B.F.A)   ND 237 .S277A4 2008 30526 12/06/2018 25/01/2017 Hard Covered Materials
© Machakos University Library, Along The Highway, Machakos Wote Rd, Machakos, Kenya P.O. Box 136 - 90100 Machakos - Kenya

Tel: ( +254 ) 723 805829 OR Fax : 044-20353 OR Email: library@mksu.ac.ke